ឥទ្ធិពលនៃអត្រាកន្ទក់ក្នុងចំបើងទៅលើការលូតលាស់ផ្សិតចំបើង effect of different rates of rice bran in rice straw on growth of straw mushroom (Record no. 19201)

000 -LEADER
fixed length control field 00637nam a22001577a 4500
003 - CONTROL NUMBER IDENTIFIER
control field LRUA
005 - DATE AND TIME OF LATEST TRANSACTION
control field 20200513150752.0
008 - FIXED-LENGTH DATA ELEMENTS--GENERAL INFORMATION
fixed length control field 200513b xxu||||| |||| 00| 0 eng d
040 ## - CATALOGING SOURCE
Transcribing agency RUA
082 ## - DEWEY DECIMAL CLASSIFICATION NUMBER
Classification number AGR DOS 2018 B663 Or.1
100 ## - MAIN ENTRY--PERSONAL NAME
9 (RLIN) 14251
Personal name DOS SOCHEAT ដុស សុជាតិ
245 ## - TITLE STATEMENT
Title ឥទ្ធិពលនៃអត្រាកន្ទក់ក្នុងចំបើងទៅលើការលូតលាស់ផ្សិតចំបើង effect of different rates of rice bran in rice straw on growth of straw mushroom
260 ## - PUBLICATION, DISTRIBUTION, ETC. (IMPRINT)
Place of publication, distribution, etc. RUA
Name of publisher, distributor, etc. Phnom penh
Date of publication, distribution, etc. 2018
300 ## - PHYSICAL DESCRIPTION
Extent xi;32p
Other physical details ill;
Dimensions 29cm
942 ## - ADDED ENTRY ELEMENTS (KOHA)
Source of classification or shelving scheme
Koha item type AGR
Holdings
Price effective from Date last seen Permanent Location Not for loan Date acquired Source of classification or shelving scheme Koha item type Lost status Withdrawn status Date last checked out Total Checkouts Shelving location Damaged status Barcode Current Location Full call number
2020-05-132020-05-13Library Block B 2020-05-13 AGR    B663 A063133Library Block BAGR DOS 2018 B663 Or.1
2020-05-132020-05-13Library Block B 2020-05-13 AGR    B663 A063685Library Block BAGR DOS 2018 B663 Or.2
2020-05-132022-02-14Library Block B 2020-05-13 AGR  2022-02-111B663 A063245Library Block BAGR DOS 2018 B663 Or.3
2020-05-132024-11-19Library Block B 2020-05-13 AGR  2024-11-014B663 A063453Library Block BAGR DOS 2018 B663 Or.4
2020-05-132020-05-13Library Block B 2020-05-13 AGR    B663 A063277Library Block BAGR DOS 2018 B663 Or.5
2020-05-132020-05-13Library Block B 2020-05-13 AGR    B663 A063625Library Block BAGR DOS 2018 B663 Or.6
មជ្ឈមណ្ឌលឯការនៃសាកលវិទ្យាល័យភូមិន្ទកសិកម្មចំការដូង

Powered by Koha